Contemporary North American film directors a wallflower critical guide

Bibliographic Details
Other Authors: Allon, Yoram (Editor), Patterson, Hannah (Editor), Labute, Neil (Author of introduction, etc.)
Format: Book
Language:English
PhysicalDescription:xix, 619 s. 24 cm
Published: London New York Wallflower 2002
ISBN:1903364523
Edition:Fuly revised and updated 2nd ed.
Subjects:

MARC

LEADER 00000nam a2200000 a 4500
001 vtls010289499
003 SK-MaSNL
005 20260302011828.0
008 180809s2002 enk 000 0 eng
020 |a 1903364523  |q (brož.) 
040 |a SNK  |b slo  |c SNK  |e AACR2 
041 0 |a eng 
044 |a xxk  |c GB 
072 7 |a 791  |x Film. Cirkus. Ľudová zábava  |2 konspekt 
080 |a 791.633-051  |2 2001 
080 |a (7)  |2 2001 
080 |a (035)  |2 2001 
245 0 0 |a Contemporary North American film directors  |b a wallflower critical guide  |c [edited by Yoram Allon, del Cullen and Hannah Patterson ; foreword by Neil Labute] 
250 |a Fuly revised and updated 2nd ed. 
260 |a London  |a New York  |b Wallflower  |c 2002 
300 |a xix, 619 s.  |c 24 cm 
504 |a Bibliogr. odkazy. Register 
650 0 7 |a filmoví režiséri  |2 SNKPH  |9 3133 
650 0 7 |a Film directors  |2 SNKPHeng  |9 321895 
651 7 |a North America  |2 SNKPHeng  |9 290224 
651 7 |a Severná Amerika  |2 SNKPHgeo  |9 22757 
655 7 |a príručky  |2 SNKPH  |9 74364 
655 7 |a Handbooks, manuals, etc.  |2 SNKPHeng  |9 90964 
700 1 |a Allon, Yoram  |4 edt  |9 652854 
700 1 |a Patterson, Hannah  |4 edt  |9 652855 
700 1 |a Labute, Neil  |4 aui  |9 652856 
919 |a 1-903364-52-3 
958 |a NB 
958 |a BC 
999 |c 1007530  |d 1009460 
952 |a SNK  |b SNK  |y VYP  |7 0  |p 17A0707412  |o snkIC 139589  |i snk2011/15228  |8 2  |g 11.00  |0 0  |1 0  |4 0  |d 2011-06-29  |l 0  |r 2026-02-24 12:40:55  |w 2026-02-24